000 00790nam a2200217 i 4500
001 73953
003 ES-MaACL
005 20251009191456.0
007 t|
008 040914s1915 sp ||||1| spa d
100 1 _aGonzález Aurioles, Norberto.
_958438
245 1 0 _aMonjas sevillanas parientas de Cervantes
_b: estudio crítico histórico /
_cNorberto González Aurioles.
260 _aMadrid :
_b[s.n.],
_c1915 (
_fImp. de la Viuda de Antonio Alvarez)
300 _a38 p. ;
_c19 cm.
600 1 4 _aCervantes Saavedra, Miguel de,
_d1547-1616-
_xFamilia
_937610
600 1 7 _aJuana de Santa María,
_dfl. 1548-1592
_2
_9157587
600 1 4 _aJulia de Santa Ana.
_9157588
650 4 _aReligiosas-
_zSevilla.
_9157589
852 _aES-MaACL
_jT-1445-F-10
999 _c73953
_d73953